<?xml version="1.0" encoding="UTF-8"?>
<collection xmlns="http://www.loc.gov/MARC21/slim">
 <record>
  <leader>01086cam a22002774a 4500</leader>
  <controlfield tag="001">EEO.eeo002632</controlfield>
  <controlfield tag="008">130102s2012####ag#####g#b####000#0#spa#d</controlfield>
  <controlfield tag="005">20150630094916.0</controlfield>
  <datafield tag="245" ind1="1" ind2="4">
   <subfield code="a">Los (ex) trabajadores de YPF :</subfield>
   <subfield code="b">trayectorias laborales a 20 años de la privatización /</subfield>
   <subfield code="c">Leticia Muñiz Terra.</subfield>
  </datafield>
  <datafield tag="250" ind1=" " ind2=" ">
   <subfield code="a">1a. ed.</subfield>
  </datafield>
  <datafield tag="260" ind1=" " ind2=" ">
   <subfield code="a">Buenos Aires :</subfield>
   <subfield code="b">Espacio Editorial,</subfield>
   <subfield code="c">2012.</subfield>
  </datafield>
  <datafield tag="300" ind1=" " ind2=" ">
   <subfield code="a">272 p. ;</subfield>
   <subfield code="c">23 cm.</subfield>
  </datafield>
  <datafield tag="490" ind1="0" ind2=" ">
   <subfield code="a">Colección Desarrollo social y sociedad (Buenos Aires, Argentina)</subfield>
  </datafield>
  <datafield tag="504" ind1=" " ind2=" ">
   <subfield code="a">Incluye referencias bibliográficas (p. 261-272).</subfield>
  </datafield>
  <datafield tag="020" ind1=" " ind2=" ">
   <subfield code="a">9789508023544</subfield>
  </datafield>
  <datafield tag="100" ind1="1" ind2=" ">
   <subfield code="a">Muñiz Terra, Leticia.</subfield>
  </datafield>
  <datafield tag="830" ind1=" " ind2="0">
   <subfield code="a">Colección Desarrollo social y sociedad (Buenos Aires, Argentina)</subfield>
  </datafield>
  <datafield tag="246" ind1="3" ind2=" ">
   <subfield code="a">Ex trabajadores de YPF</subfield>
  </datafield>
  <datafield tag="043" ind1=" " ind2=" ">
   <subfield code="a">s-ag---</subfield>
  </datafield>
  <datafield tag="610" ind1="2" ind2="0">
   <subfield code="a">Yacimiento Petrolíferos Fiscales (Argentina)</subfield>
  </datafield>
  <datafield tag="650" ind1=" " ind2="7">
   <subfield code="a">Sociología del trabajo.</subfield>
   <subfield code="2">Isoc</subfield>
  </datafield>
  <datafield tag="010" ind1=" " ind2=" ">
   <subfield code="a">  2012519755</subfield>
  </datafield>
  <datafield tag="040" ind1=" " ind2=" ">
   <subfield code="a">AR-BaFGC</subfield>
   <subfield code="c">AR-BaFGC</subfield>
   <subfield code="d">DLC</subfield>
  </datafield>
  <datafield tag="050" ind1="0" ind2="0">
   <subfield code="a">HD8039.P42</subfield>
   <subfield code="b">A85 2012</subfield>
  </datafield>
  <datafield tag="856" ind1="4" ind2="1">
   <subfield code="u">http://core.cambeiro.com.ar/0-142843-11.pdf</subfield>
  </datafield>
  <datafield tag="859" ind1=" " ind2=" ">
   <subfield code="a">AR-BaUEB</subfield>
   <subfield code="b">BIB. ECONOMIA - General</subfield>
   <subfield code="h">306.36</subfield>
   <subfield code="i">M926</subfield>
   <subfield code="p">e14895</subfield>
  </datafield>
 </record>
</collection>
